[Event "Wch Rapid"]
[Site "Almaty"]
[Date "2022.12.27"]
[Round "6"]
[White "Hambleton, Aman"]
[Black "Kazakov, Konstantin"]
[Result "1-0"]
[WhiteElo "2450"]
[BlackElo "2311"]
[PlyCount "93"]
[EventDate "2022.12.26"]
[EventType "swiss (rapid)"]
[EventRounds "13"]
[EventCountry "KAZ"]
[SourceTitle "CBM 212"]
[Source "ChessBase"]
[SourceDate "2023.02.28"]
[SourceVersion "1"]
[SourceVersionDate "2023.02.28"]
[SourceQuality "1"]

1. d4 Nf6 2. c4 b6 3. f3 Nc6 4. d5 Ne5 5. e4 e6 6. Be3 Bc5 7. Bxc5 bxc5 8. Nh3 0-0 9. Nc3 d6 10. Nf2 Rb8 11. Qd2 Ba6 12. b3 exd5 13. exd5 Re8 14. Be2 Bxc4 15. bxc4 Nxc4 16. Qc1 Ne3 17. g3 Ng2+ 18. Kf1 Ne3+ 19. Kg1 Nf5 20. Bd3 Nd4 21. Kg2 c6 22. dxc6 d5 23. Rb1 c4 24. Rxb8 Qxb8 25. Bc2 Nxc6 26. Ba4 Rc8 27. Bxc6 Rxc6 28. Rd1 Rd6 29. Qf4 Qd8 30. Qd4 h5 31. Nfe4 Nxe4 32. fxe4 Rb6 33. exd5 Qg5 34. Ne4 Qg4 35. Nf2 Qd7 36. Qxc4 Rb2 37. a3 Qf5 38. Qd4 Rb3 39. Rd3 Rb1 40. d6 Qd7 41. h4 Re1 42. Qd5 Re6 43. Ne4 Rg6 44. Qa8+ Kh7 45. Ng5+ Rxg5 46. hxg5 Qg4 47. Qf3 1-0

[Event "Wch Rapid"]
[Site "Almaty"]
[Date "2022.12.27"]
[Round "7"]
[White "Kazakov, Konstantin"]
[Black "Ghasi, Ameet K"]
[Result "1/2-1/2"]
[WhiteElo "2311"]
[BlackElo "2536"]
[PlyCount "197"]
[EventDate "2022.12.26"]
[EventType "swiss (rapid)"]
[EventRounds "13"]
[EventCountry "KAZ"]
[SourceTitle "CBM 212"]
[Source "ChessBase"]
[SourceDate "2023.02.28"]
[SourceVersion "1"]
[SourceVersionDate "2023.02.28"]
[SourceQuality "1"]

1. e4 c6 2. Nf3 d5 3. d3 g6 4. e5 Nh6 5. Be2 Bg7 6. 0-0 0-0 7. d4 f6 8. exf6 exf6 9. c4 Nf5 10. Nc3 Be6 11. Qb3 Qd7 12. Re1 Bf7 13. Bd2 Rd8 14. Rad1 Na6 15. cxd5 cxd5 16. Bb5 Qc7 17. Rc1 Rac8 18. Bd3 Qd7 19. Bf4 Ne7 20. Nb5 g5 21. Be3 Rxc1 22. Rxc1 Nc6 23. a3 h6 24. Qc2 Be6 25. Re1 Bg4 26. Nd2 Rc8 27. Qb1 Re8 28. Nb3 Re7 29. Nc3 Qd8 30. Bh7+ Kh8 31. Bf5 Bxf5 32. Qxf5 Nc7 33. h4 b6 34. Rc1 Rd7 35. Ne2 Ne7 36. Qh3 Kg8 37. Nd2 Rd6 38. Ng3 Qd7 39. Qxd7 Rxd7 40. Ndf1 Ne6 41. Nh5 f5 42. Nxg7 Kxg7 43. hxg5 hxg5 44. Bd2 f4 45. Bc3 Nf5 46. Nh2 Nf8 47. Nf3 Kf6 48. Ne5 Rc7 49. Re1 Nh6 50. Nd3 Nf7 51. Nb4 Rd7 52. Re8 Ng6 53. Kf1 Ne7 54. Ra8 Nd6 55. Ke2 Rc7 56. Kd3 a5 57. Na6 Rc8 58. Ra7 Ke6 59. f3 Rh8 60. Nc7+ Kf6 61. Ra6 Nc4 62. b3 Ne3 63. Rxb6+ Kf7 64. Ne6 Rh5 65. g4 fxg3 66. Kxe3 Nf5+ 67. Ke2 Rh2+ 68. Ke1 Rh1+ 69. Ke2 g2 70. Nxg5+ Kg7 71. Ne6+ Kg8 72. Rb8+ Kf7 73. Ng5+ Kg7 74. Ne6+ Kf7 75. Ng5+ Kg7 76. Ne6+ Kf7 77. Ng5+ Kf6 78. Nh7+ Ke7 79. Rb7+ Kd6 80. Rb6+ Ke7 81. Rb7+ Kd8 82. Rb8+ Kd7 83. Rg8 g1Q 84. Rxg1 Rxg1 85. Nf6+ Ke6 86. Ng4 Rb1 87. Kd3 Rxb3 88. a4 Ra3 89. Ne5 Ne3 90. Kd2 Nc4+ 91. Nxc4 dxc4 92. Kc2 Kd5 93. f4 Rxa4 94. f5 Ra3 95. f6 Ke6 96. d5+ Kf7 97. d6 Rxc3+ 98. Kxc3 Kxf6 99. Kxc4 1/2-1/2

[Event "Wch Rapid"]
[Site "Almaty"]
[Date "2022.12.27"]
[Round "8"]
[White "Kazakov, Konstantin"]
[Black "Saraci, Nderim"]
[Result "1/2-1/2"]
[WhiteElo "2311"]
[BlackElo "2441"]
[PlyCount "94"]
[EventDate "2022.12.26"]
[EventType "swiss (rapid)"]
[EventRounds "13"]
[EventCountry "KAZ"]
[SourceTitle "CBM 212"]
[Source "ChessBase"]
[SourceDate "2023.02.28"]
[SourceVersion "1"]
[SourceVersionDate "2023.02.28"]
[SourceQuality "1"]

1. e4 c5 2. Nc3 Nc6 3. f4 g6 4. Nf3 Bg7 5. a4 d6 6. Bb5 Bd7 7. d3 e6 8. 0-0 Nge7 9. Qe1 a6 10. Bxc6 Nxc6 11. e5 d5 12. Qf2 b6 13. d4 cxd4 14. Nxd4 Nxd4 15. Qxd4 0-0 16. Be3 b5 17. axb5 Bxb5 18. Rfd1 Qc7 19. Qd2 Rfc8 20. Bd4 Bf8 21. Qe3 Rab8 22. h3 a5 23. g4 Bd7 24. Rab1 a4 25. Rf1 Bc5 26. Rf3 Bxd4 27. Qxd4 Qc5 28. Qxc5 Rxc5 29. Rd3 Kg7 30. Kf2 Rb4 31. Kg3 Bc6 32. Na2 Rb8 33. c3 Bb5 34. Rd4 Rc4 35. Rxc4 Bxc4 36. Nb4 d4 37. Kf3 dxc3 38. bxc3 Bb3 39. Ke3 Rd8 40. Ra1 h6 41. h4 Rd7 42. g5 h5 43. Na6 Rd8 44. Nc5 Rc8 45. Kd4 Rd8+ 46. Ke3 Rc8 47. Kd4 Rd8+ 1/2-1/2

[Event "Wch Rapid"]
[Site "Almaty"]
[Date "2022.12.26"]
[Round "5"]
[White "Postlmayer, Jakob"]
[Black "Kazakov, Konstantin"]
[Result "0-1"]
[WhiteElo "2182"]
[BlackElo "2311"]
[PlyCount "74"]
[EventDate "2022.12.26"]
[EventType "swiss (rapid)"]
[EventRounds "13"]
[EventCountry "KAZ"]
[SourceTitle "CBM 212"]
[Source "ChessBase"]
[SourceDate "2023.02.28"]
[SourceVersion "1"]
[SourceVersionDate "2023.02.28"]
[SourceQuality "1"]

1. d4 Nf6 2. Nf3 b6 3. g3 Bb7 4. Bg2 e6 5. 0-0 Be7 6. c4 0-0 7. d5 exd5 8. Nh4 c6 9. cxd5 Nxd5 10. Nf5 Na6 11. e4 Ndc7 12. Qg4 Ne6 13. e5 g6 14. Bh6 Re8 15. Nxe7+ Qxe7 16. Nc3 Nac5 17. Rad1 Ba6 18. Rfe1 Rad8 19. b4 Nd3 20. Ne4 Nxe5 21. Qh3 d5 22. Nd2 Nd3 23. Re3 d4 24. Rxd3 Bxd3 25. Bxc6 Be2 26. Re1 d3 27. a3 Nd4 28. Bxe8 Rxe8 29. Qg2 Qd7 30. Bg5 Qf5 31. h4 f6 32. Bf4 g5 33. hxg5 fxg5 34. Be3 Bf3 35. Qh2 Ne2+ 36. Kf1 Rxe3 37. fxe3 Bd5+ 0-1

[Event "Wch Rapid"]
[Site "Almaty"]
[Date "2022.12.26"]
[Round "1"]
[White "Riazantsev, Alexander"]
[Black "Kazakov, Konstantin"]
[Result "1/2-1/2"]
[WhiteElo "2570"]
[BlackElo "2311"]
[PlyCount "120"]
[EventDate "2022.12.26"]
[EventType "swiss (rapid)"]
[EventRounds "13"]
[EventCountry "KAZ"]
[SourceTitle "CBM 212"]
[Source "ChessBase"]
[SourceDate "2023.02.28"]
[SourceVersion "1"]
[SourceVersionDate "2023.02.28"]
[SourceQuality "1"]

1. d4 Nf6 2. Nf3 b6 3. Bf4 Bb7 4. e3 g6 5. h3 Bg7 6. Be2 0-0 7. 0-0 d6 8. c3 Nbd7 9. Nbd2 Ne4 10. Nxe4 Bxe4 11. a4 a5 12. Nd2 Bb7 13. Bf3 Qc8 14. Bxb7 Qxb7 15. e4 c6 16. Nc4 b5 17. axb5 cxb5 18. Nxa5 Qxe4 19. Bg5 Nf6 20. Qb3 Qd5 21. Bxf6 Qxb3 22. Nxb3 Bxf6 23. Rfd1 Ra4 24. Kf1 Rfa8 25. Ke2 Kf8 26. Kd3 Ke8 27. g4 Kd7 28. f4 h6 29. Rxa4 Rxa4 30. Rf1 e6 31. Nd2 Ra2 32. Kc2 Ra8 33. Kb3 Be7 34. Nb1 Ra1 35. Nd2 Rxf1 36. Nxf1 d5 37. Ng3 Bd6 38. Ne2 f5 39. Kc2 fxg4 40. hxg4 h5 41. gxh5 gxh5 42. Kd3 Ke7 43. Ke3 Kf6 44. Kf3 Kg6 45. Ng3 h4 46. Nf1 Kh5 47. Ne3 h3 48. f5 h2 49. Kg2 exf5 50. Nxf5 Bf4 51. Ne7 Bc1 52. b3 Bb2 53. Nxd5 Kg5 54. Kxh2 Kf5 55. Ne3+ Ke4 56. Nd1 Ba1 57. b4 Bxc3 58. Nxc3+ Kxd4 59. Nxb5+ Kc4 60. Nd6+ Kxb4 1/2-1/2

[Event "Wch Rapid"]
[Site "Almaty"]
[Date "2022.12.26"]
[Round "3"]
[White "Yoo, Christopher Woojin"]
[Black "Kazakov, Konstantin"]
[Result "1-0"]
[WhiteElo "2463"]
[BlackElo "2311"]
[PlyCount "103"]
[EventDate "2022.12.26"]
[EventType "swiss (rapid)"]
[EventRounds "13"]
[EventCountry "KAZ"]
[SourceTitle "CBM 212"]
[Source "ChessBase"]
[SourceDate "2023.02.28"]
[SourceVersion "1"]
[SourceVersionDate "2023.02.28"]
[SourceQuality "1"]

1. e4 c5 2. Nf3 d6 3. d4 cxd4 4. Nxd4 Nf6 5. Nc3 g6 6. Be3 Nc6 7. f3 h5 8. Nxc6 bxc6 9. e5 dxe5 10. Qxd8+ Kxd8 11. 0-0-0+ Kc7 12. Bc4 e6 13. Rhe1 Nd5 14. Bd2 f6 15. Ne4 Be7 16. Ba5+ Nb6 17. b4 Kb7 18. Bb3 Nd5 19. a3 Rb8 20. c4 Nb6 21. Nd6+ Ka8 22. f4 Rd8 23. fxe5 fxe5 24. c5 Bd7 25. Nf7 Rf8 26. Nxe5 Be8 27. Bxe6 Rf2 28. cxb6 axb6 29. Nd3 Rxg2 30. Bxb6 Rxb6 31. Bh3 Bg5+ 32. Kb1 Rxh2 33. Rxe8+ Rb8 34. Bd7 h4 35. Bxc6+ Ka7 36. Rxb8 Kxb8 37. Rg1 Be3 38. Rxg6 h3 39. Rg3 Bd4 40. Rg4 Be3 41. Rh4 Rd2 42. Ne5 h2 43. Rh8+ Kc7 44. Rh7+ Kd8 45. Nc4 Rd1+ 46. Kc2 Rc1+ 47. Kb3 Bg1 48. Rd7+ Kc8 49. Nd6+ Kb8 50. Rb7+ Ka8 51. Bg2 Rd1 52. Rb6+ 1-0